Understanding language testing / (رقم التسجيلة. 26450)
[ عرض عادي ]
| 000 -الفاتح | |
|---|---|
| حقل البيانات ثابتة الطول | 01007cam a2200313 a 4500 |
| 001 - رقم الضبط | |
| رقم الضبط | 463636348 |
| 003 - محدد رقم الضبط | |
| رقم الضبط | OSt |
| 005 - وقت وتاريخ اخر تعامل مع التسجيلة | |
| رقم الضبط | 20150408114104.0 |
| 008 - عناصر البيانات ثابتة الطول - معلومات عامة | |
| حقل البيانات ثابتة الطول | 100322s2009 enka b 001 0 eng |
| 010 ## - رقم ضبط مكتبة الكونجرس | |
| رقم ضبط مكتبة الكونجرس | 2009292674 |
| 020 ## - الرقم الدولى المعيارى للكتب | |
| الرقم الدولى المعيارى للكتاب | 9780340983430 (pbk.) |
| 020 ## - الرقم الدولى المعيارى للكتب | |
| الرقم الدولى المعيارى للكتاب | 0340983434 (pbk.) |
| 035 ## - رقم ضبط النظام | |
| رقم ضبط النظام | (OCoLC)463636348 |
| رقم الضبط الملغى والمتاح | (OCoLC)637688140 |
| 040 ## - مصدر الفهرسة | |
| وكالة الفهرسة الأصلية | UKM |
| وكالة النسخ | UKM |
| وكالة التعديل | DLC |
| -- | YDXCP |
| -- | SINIE |
| -- | C#P |
| -- | BWX |
| -- | DEBBG |
| -- | UKMGB |
| 042 ## - رمز التحقق | |
| رمز التحقق | lccopycat |
| 050 00 - رقم طلب مكتبة الكونجرس | |
| رقم التصنيف | P53.4 |
| رقم المادة | .D72 2010 |
| 082 ## - رقم تصنيف ديوى العشرى | |
| رقم المادة | DDU |
| 100 1# - المدخل الرئيسى - إسم شخصى | |
| الإسم الشخصى | Douglas, Dan. |
| 9 (RLIN) | 18370 |
| 245 10 - بيان العنوان | |
| العنوان | Understanding language testing / |
| بيان المسئوليه,etc | by Dan Douglas. |
| 260 ## - PUBLICATION, DISTRIBUTION, ETC. (IMPRINT) | |
| مكان الناشر او الموزع | London : |
| اسم الناشر او الموزع | Hodder Education, |
| تاريخ النشر أو التوزيع | c2010. |
| 300 ## - الوصف المادى | |
| التعداد | ix, 156 p. : |
| تفاصيل ماديه اخرى للوعاء | ill. ; |
| أبعاد الوعاء | 24 cm. |
| 490 1# - بيان السلسلة | |
| عنوان السلسلة | Understanding language series. |
| 504 ## - تبصرة ببليوجرافية | |
| تبصرة ببليوجرافية,الخ | Includes bibliographical references (p. [146]-152) and index. |
| 650 #0 - المدخل الاضافى بالموضوع-مصطلح موضوعى | |
| مصطلح موضوعي أو اسم جغرافي كعنصر مدخل | Language and languages |
| التقسيم الفرعي العام | Examinations. |
| 9 (RLIN) | 18371 |
| 655 #7 - مصطلح تكشيفى-نوع/شكل | |
| بيانات النوع/ الشكل أو المصطلح الأساسي | Lehrbuch. |
| مصدر المصطلح | swd. |
| 9 (RLIN) | 6619 |
| 655 #4 - مصطلح تكشيفى-نوع/شكل | |
| بيانات النوع/ الشكل أو المصطلح الأساسي | Lehrbuch. |
| 9 (RLIN) | 6619 |
| 830 #0 - المدخل الاضافى بالسلسلة -عنوان موحد | |
| عنوان موحد | Understanding language series. |
| 9 (RLIN) | 18372 |
| 942 ## - عناصر المدخل الإضافي( كوها) | |
| مصدر التصنيف او مخطط الترفيف | Dewey Decimal Classification |
| Koha [default] item type | DVD |
| حالة الفقد | نموذج السعر الفعال | حالة تلف | ليس للاعارة | رقم الطلب | تاريخ الاكتساب | الموقع الحالي | الباركود | الفرع الرئيسي | Date last checked out | Date last seen | نوع المادة فى نظام كوها | مصدر التصنيف او خطة الترفيف | Total Checkouts | Total Renewals |
|---|---|---|---|---|---|---|---|---|---|---|---|---|---|---|
| 2013-03-10 | 407.6 DDU | 2012-12-24 | المكتبة المركزية بالمجمعة (CL) | 00401178 | المكتبة المركزية بالمجمعة (CL) | 2019-09-11 | 2019-09-25 | كتاب | Dewey Decimal Classification | 1 | ||||
| 2013-03-10 | 407.6 DDU | 2012-12-24 | المكتبة المركزية بالمجمعة (CL) | 00401179 | المكتبة المركزية بالمجمعة (CL) | 2013-03-10 | كتاب | Dewey Decimal Classification | ||||||
| 2013-03-10 | 407.6 DDU | 2012-12-24 | المكتبة المركزية بالمجمعة (CL) | 00401180 | المكتبة المركزية بالمجمعة (CL) | 2014-04-03 | 2014-08-05 | كتاب | Dewey Decimal Classification | 1 | 1 |
